000 00407nam a22001457a 4500
003 MACL
005 20180426151826.0
008 180426b xxu||||| |||| 00| 0 eng d
040 _cMACl
100 _aMc Graw Hill
_972344
245 _aGate Topic- Wise Previous Year Solved Papers for Electronics And Engineering
260 _aMc Graw Hill
_bChennai
_c2017
650 _aEngineering
_972345
942 _2ddc
_cBK
999 _c57938
_d57938